Analysis of variance: (Record no. 6959)

MARC details
000 -LEADER
fixed length control field 00953nam a2200169 4500
020 ## - INTERNATIONAL STANDARD BOOK NUMBER
ISBN 9789964303136
050 ## - CALL NUMBER
Classification number QA279
Item number .N76
100 ## - AUTHOR
Personal name Nsowah-Nuamah, Nicholas N. N.
245 ## - TITLE
Title Analysis of variance:
Remainder of title analytical technique for experimental designs
Statement of responsibility, etc Nicholas N. N. Nsowah-Nuamah
260 ## - PUBLICATION INFORMATION
Place of publication Accra
Name of publisher Ghana Universities Press
Year of publication 2008
300 ## - DESCRIPTION
Number of Pages xiii, 322p. :
Dimensions 24cm
500 ## - NOTES
General note Includes index
505 ## - FORMATTED CONTENTS NOTE
Table of Content Chapter 1. Introduction <br/>Chapter 2. Single-Factor Fixed Effects Analysis of Variance Model <br/>Chapter 3. Comparison of Factor Level Effects<br/>Chapter 4. Two-way Classification Analysis of Variance <br/>Chapter 5. Two-Factor Fixed Effect Analysis of Variance Model<br/>Chapter 6. Random Effects Analysis of Variance Model<br/>Chapter 7. Repeated Measures Analysis of Variance<br/>Chapter 8. Non-Parametric Statistics in Analysis of Variance<br/><br/>
650 ## - SUBJECTS
Topical Term Analysis of Variance
650 ## - SUBJECTS
Topical Term Social Sciences - Statistical Data
942 ## - ADDED ENTRY ELEMENTS (KOHA)
Koha item type Books
Holdings
Withdrawn status Lost status Collection code Home library Current library Shelving location Date acquired Full call number Accession Number Koha item type
    Reference Methodist University Library Main Methodist University Library Main General Stacks 04/04/2012 QA279 .N76 35288 Books
    Reference Methodist University Library Main Methodist University Library Main General Stacks 04/04/2012 QA279 .N76 35289 Books
      Methodist University Library Main Methodist University Library Main General Stacks 04/04/2012 QA279 .N76 35290 Books
      Methodist University Library Main Methodist University Library Main General Stacks 04/04/2012 QA279 .N76 35291 Books
Copyright © 2026  MUG Library